00613nam a22001937a 4500003000400000008004100004020001800045082001900063100000900082245012200091260003300213300005200246365001300298650002000311650003300331650001600364650001900380650002000399OSt260629b |||||||| |||| 00| 0 eng d a9781668459744 a362.8292bI43R aIRMA aResearch Anthology on Child and Domestic Abuse and Its Prevention / cby Information Resources Management Association a.- USAb: IGI Globalc, 2022 avol.- l, (xxii,470); vol.- ll, (xxii,471-976)p. e50374.35 aSocial Sciences aSocial Problems and Services aChild Abuse aDomestic Abuse aFamily Violence